000 00483nam a2200205Ia 4500
003 OSt
005 20220924133413.0
006 a|||||r|||| 00| 0
007 ta
008 220923b |||||||| |||| 00| 0 snd d
024 _a265143
037 _cTextual
040 _aARTS
_cARTS
_bsnd
041 _2snd
_asnd
082 _aOx, 1593J9
245 0 _aAkas ja tara a dharti a ja gul
260 _c1959
942 _hOx, 1593J9
_cTEXL
_2CC
999 _c433685
_d433685